Capital Cities by Photos #1 - Statistics

General Stats
  • This quiz has been taken 181 times
  • The average score is 10 of 12
Answer Stats
Picture Answer % Correct
Paris
100%
London
99%
Rome
98%
Moscow
89%
Athens
88%
Berlin
88%
Washington D.C.
88%
Amsterdam
83%
Beijing
82%
Tokyo
79%
Jerusalem
76%
Delhi
39%
No matching quizzes found
Score Distribution
Percent of People with Each Score
Percentile by Number Answered
Your Score History
You have not taken this quiz